| 000 | 00800nam a2200277Ia 4500 | ||
|---|---|---|---|
| 001 | Para_6310 | ||
| 003 | CHAP | ||
| 008 | 220125s1969 xx 000 0 und d | ||
| 010 | _a205041 | ||
| 040 | _cCHAP | ||
| 090 | _aPA FOLLETO 402 | ||
| 100 |
_aCujar M., Alvaro _9170981 |
||
| 245 |
_aEl gusano medidor trichoplusia NI (Hubner) / _c por Alvaro Cujar M. y Teodoro Daza Dangond |
||
| 260 |
_aBogotá, Col. : _b Federación Nacional de Algodoneros |
||
| 300 | _a121 p. | ||
| 650 |
_aAlgodón _x plagas _94046 |
||
| 650 |
_aTrichoplusia ni _9114933 |
||
| 700 |
_aDaza Dangond, Teodoro _9170982 |
||
| 901 | _aPA FOLLETO 402 | ||
| 902 | _aA | ||
| 905 | _a0000001969 ai 0000000000 00 | ||
| 910 | _a1969 | ||
| 942 | _cPARA | ||
| 942 |
_cPARA _d1 |
||
| 999 |
_c205041 _d205041 |
||